000
00329 a2200145 4500
001
168877
020
_a
040
_c
Magnum
100
_a
Freitas, Maria Tereza de Assuncao (Org.)
240
1
0
_a
Vygotsky um seculo depois
_l
por
245
1
0
_a
Vygotsky um seculo depois
362
0
_a
1899
697
_a
PEDAGOGIA
942
_c
BK
999
_c
168877
_d
168877